01800nab a2200217 ab450000500170000000800410001700300010005804000350005910000340009410000390012824501450016750600190031252009360033165300230126765300220129065300220131265300280133477301010136285600570146385600620152020260702141520.0260604b2025 sp tr poo| 0 0 spa d aMX-MxUPNbspacMX-MxUPNeaacr21 aFuentes Martínez, Guadalupe1 aRobles Sánchez, Francisco Javier1 aConcepto y medición de la autocratización social :btest en el Norte de África y Oriente Próximoh[recurso electrónico en línea]0 aAcceso abierto3 aEste artículo propone un Índice de Autocracia Social a escala global, basado en resultados de la Encuesta Mundial de Valores, que permite advertir procesos de autocratización social, así como la categorización de los mismos en virtud de su intensidad, naturaleza y contexto. Aplicado al Norte de África y Oriente Próximo, descubrimos que no existe relación unívoca entre autocratización social, autocratización institucional y deterioro del nivel de seguridad entre 2010 y 2022. Mientras que Marruecos, Turquía e Irak comparten procesos de consolidación autocrática social de intensidad mínima que difieren en su naturaleza (integral/parcial) y contextualización institucional y securitaria, en Egipto acontece una reducción significativa mínima del nivel de autocracia social, de forma integral, y en un contexto de autocratización institucional y empeoramiento del nivel de seguridad. cREIS aActitudes sociales aAutocracia social aAutocratización aMedición cuantitativa gNo. 193 (2025), p. 89-112tREIS: revista española de investigaciones sociológicasx1988-59034 uhttps://reis.cis.es/index.php/reis/article/view/25164 uhttps://reis.cis.es/index.php/reis/article/view/2516/3089